| 000 | 00649nam a2200181Ia 4500 | ||
|---|---|---|---|
| 008 | 151202s9999||||xx |||||||||||||| ||und|| | ||
| 082 | _bPNVM-15061 | ||
| 100 | _aआफळे गोविंदस्वामी. | ||
| 245 | _aआम्ही आहों बायका. | ||
| 260 | _b"ग.पा.परचुरे,मुंबई." | ||
| 260 | _c0 | ||
| 300 | _a50 | ||
| 600 | _aआफळे गोविंदस्वामी. | ||
| 630 | _aआम्ही आहों बायका. | ||
| 700 | _aआफळे गोविंदस्वामी. | ||
| 730 | _aआम्ही आहों बायका. | ||
| 942 | _cBOOK | ||
| 999 |
_c1281046 _d1281043 |
||